01154cam a22002651a 450000100060000000300080000600500170001400800410003103500190007203500180009104000510010904100080016008200250016824503390019326000280053230000210056050400410058165000430062265000430066570000340070870000310074271000420077371000120081571000610082734388BD-RjUL20211209052142.0160803t1963 fr b i100 0 eng d a(BD-RjUL)34482 a(OCoLC)323543 aDLCcOAUdOCoLCdNcRSdPPiUdDLCdBD-RjULbeng aeng04a301.35bSOC 196322300aSocial research and problems of rural development in south-east Asia :bproceedings of a seminar organized by the Viet-Namese National Commission for Unesco, under the auspices of Unesco and the Food and Agriculture Organization of the United Nations in Saigon (Viet-Nam), 18 to 26 March 1960 /cedited by Vu Quôc Thuc, K.F. Walker. aParis :bUnesco,c1963. a268 p. ;c21 cm. aIncludes bibliographical references. 0aCommunity developmentzSoutheast Asia. 0aSocial service, RuralzSoutheast Asia.1 aVũ, Quốc Thúc,d1920-1 aWalker, Kenneth Frederick.1 aVietnam.bUy-hôi Quôc-gia UNESCO.2 aUnesco.2 aFood and Agriculture Organization of the United Nations.